000 00715nam a2200265 i 4500
001 C2-0224653
003 PPAK
005 20180728153121.0
008 000509s2000 my a|||| ||||| | may d
020 _a9830870235
040 _aPPAK
_beng
_cPPAK
_erda
082 0 4 _a597
_223
090 0 0 _a597
_bAHM
_dK
100 0 _aAhmad Sudin,
_eauthor
245 1 0 _aAlam hidupan ikan-ikan
264 1 _aTanjung Malim :
_bSanmin ,
_c[2000]
300 _a14 pages :
_bcolour illustrations ;
_c30 cm
336 _2rdacontent
_atext
337 _2rdamedia
_aunmediated
338 _2rdacarrier
_avolume
490 1 _aSiri misteri alam sains
650 1 0 _aFishes.
830 0 _aSiri misteri alam sains
942 _ddc
_cB
999 _c145524
_d145524